| 000 | 01085nam a22003015i 4500 | ||
|---|---|---|---|
| 999 |
_c28787 _d28758 |
||
| 003 | EG-ScBUE | ||
| 005 | 20200922132126.0 | ||
| 008 | 200219q1967 ru f 000 0 eng d | ||
| 040 |
_aEG-ScBUE _beng _erda _cEG-ScBUE _dEG-ScBUE |
||
| 041 | 1 |
_aeng _hrus |
|
| 082 | 0 | 4 |
_a623.8432 _bBEN _222 |
| 100 | 1 |
_aBenkovsky, D. D. _q(Dmitriĭ Dmitrievich) _eauthor. |
|
| 240 | 0 | 0 |
_aTekhnologii͡a sudoremonta. _lEnglish |
| 245 | 1 | 0 |
_aTechnology of ship repairing / _cD. Benkovsky [and three other] ; translated from the Russian by T. Swiatecki. |
| 264 | 1 |
_aMoscow : _bMIR Publishers, _c[1967?] |
|
| 300 |
_a573 pages : _billustrations ; _c24 cm |
||
| 336 |
_atext _btxt _2rdacontent |
||
| 337 |
_aunmediated _bn _2rdamedia |
||
| 338 |
_avolume _bnc _2rdacarrier |
||
| 546 | _aText in English ; translated from original Russian. | ||
| 650 | 7 |
_aShips _xMaintenance and repair. _2BUEsh |
|
| 653 |
_bENGGEN _cSeptember2020 |
||
| 700 | 1 |
_aGalver, G., _eauthor. |
|
| 700 | 1 |
_aKorobtsov, I., _eauthor. |
|
| 700 | 1 |
_aOganezov, G., _eauthor. |
|
| 700 | 1 |
_aSwiatecki, T., _etranslator. |
|
| 942 |
_2ddc _cBB |
||